Statistics for Names of Generations

Click here to take the quiz!

General Stats

  • This quiz has been taken 30 times
  • The average score is 5 of 8

Answer Stats

Age BrackettGeneration% Correct
35-55Generation X
96%
21-41Generation Y- The Millennials
93%
52-71The Baby Boomer Generation
89%
1-21Generation Z
67%
72-93The Silent Generation
56%
91-106The Greatest Generation
48%
101-126The Lost Generation- Generation of 1914
41%
103-115The Interbellum Generation
7%

Score Distribution

Percentile by Number Answered

Percent of People with Each Score

Your Score History

You have not taken this quiz